Kỹ thuật trồng, chăm sóc và phòng trừ sâu bệnh cho cây vải

সংরক্ষণ করুন:
গ্রন্থ-পঞ্জীর বিবরন
প্রধান লেখক: Lê, Văn Thuyết
বিন্যাস: গ্রন্থ
ভাষা:Undetermined
প্রকাশিত: Hà Nội Nông Nghiệp 2003
বিষয়গুলি:
ট্যাগগুলো: ট্যাগ যুক্ত করুন
কোনো ট্যাগ নেই, প্রথমজন হিসাবে ট্যাগ করুন!
Thư viện lưu trữ: Trung tâm Học liệu Trường Đại học Cần Thơ
LEADER 00636nam a2200217Ia 4500
001 CTU_92518
008 210402s9999 xx 000 0 und d
020 |c 10000 
082 |a 634.6 
082 |b K600 
100 |a Lê, Văn Thuyết 
245 0 |a Kỹ thuật trồng, chăm sóc và phòng trừ sâu bệnh cho cây vải 
245 0 |c Lê Văn Thuyết ... [et al.] 
260 |a Hà Nội 
260 |b Nông Nghiệp 
260 |c 2003 
650 |a Fruit trees,Litchi 
650 |x Planting 
650 |z Vietnam 
904 |i Năm 
980 |a Trung tâm Học liệu Trường Đại học Cần Thơ